000 01012nam a22002777a 4500
005 20240530110355.0
008 150105s2009 ua o f bj 000 0 ara d
017 _a17986
_bمصر . دار الكتب المصرية
020 _a9770525871
040 _aEG-CaGPL
041 0 _aara
082 0 4 _221
_a953.073
_bق/ن أ
100 0 _aنوريس سيف الدين
245 1 0 _aاحباش مصر بين الرق والعتق فى القرن التاسع عشر /
_cنوريس سيف الدين
250 _aط1
260 _aالقاهرة :
_bمكتبة الانجلو المصرية ،
_c2009
300 _a219 ص :
_bصور ؛
_c24 سم
504 _aببليوجرافية : ص 205 -219
650 0 4 _aالرقيق
_zمصر
650 0 4 _aالاحباش
_z مصر
650 0 4 _aتجارة الرقيق
_zمصر
650 0 4 _aالرقيق
_xالاحوال الاجتماعية
_zمصر
651 _aالرقيق
_xعتق
_zمصر
942 _2ddc
_cBK
999 _c60142
_d60142